000
00312nam a22001337a 4500
008
170828b xxu||||| |||| 00| 0 eng d
020
_a
9780077306298
041
_a
eng
080
_2
10 ED
_a
070
100
_a
39
101
_a
MAT
245
_a
THE ART OF PUBLIC SPEAKING
_c
LUCAS.S.E
942
_2
udc
_c
BK
999
_c
25210
_d
25210